El misterio eucarístico
Saved in:
| Hovedforfatter: | |
|---|---|
| Format: | Bog |
| Sprog: | spansk |
| Udgivet: |
Madrid
Ediciones Palabra S. A
2003
|
| Udgivelse: | 1a. ed |
| Serier: | Pelícano
|
| Fag: | |
| Tags: |
Tilføj Tag
Ingen Tags, Vær først til at tagge denne postø!
|
MARC
| LEADER | 00000cam a2200000 a 4500 | ||
|---|---|---|---|
| 001 | UCD5482 | ||
| 003 | CL-VaPUC | ||
| 008 | 160908e20030000sp |||||||||||||||||spa|d | ||
| 020 | |a 8482397397 | ||
| 082 | 0 | 4 | |a 264.36 |b SAY |2 21 |
| 100 | 0 | |a Sayés, José Antonio |e author |9 589241 | |
| 245 | 1 | 3 | |a El misterio eucarístico |
| 250 | |a 1a. ed | ||
| 300 | |a 557 p | ||
| 942 | |c BK | ||
| 945 | |d 20160908 17:08:00 |a dcastane | ||
| 260 | |a Madrid |b Ediciones Palabra S. A |c 2003 | ||
| 650 | 0 | |a Sacramentos |9 257270 | |
| 650 | 0 | |a Eucaristía |9 257336 | |
| 583 | |a last modification |c 20160908 17:08:00 |k Rodrigo Vera | ||
| 490 | 0 | |a Pelícano | |
| 999 | |c 366143 |d 366141 | ||
| 952 | |0 0 |1 0 |3 erb |4 0 |6 264_360000000000000_SAY_2003 |7 0 |8 A |9 480189 |a BIBTEO |b BIBTEO |i 5341027 |l 4 |o 264.36 SAY 2003 |p 5341027 |r 2025-01-17 |s 2023-06-12 |w 2019-11-24 |y BK |z Catalogado en:20160908 |k ICR | ||